000
00292nam a22001337a 4500
008
170815b xxu||||| |||| 00| 0 eng d
020
_a
0976201915
041
_a
eng
080
_a
51
100
_a
36
101
_a
MAT
245
_a
COLLEGE ALGEBRA TRIGOMETRY
_c
BRYANT.S
942
_2
udc
_c
BK
999
_c
23526
_d
23526